Helping develop your markets : in Ireland and worldwide.
| Corporate Author: | |
|---|---|
| Format: | Book |
| Published: |
Dublin:
Irish Trade Board,
[199-].
|
| Subjects: |
| LEADER | 00482cam a2200169 7i4500 | ||
|---|---|---|---|
| 001 | 0000004074 | ||
| 005 | 19991025090000.0 | ||
| 002 | ##000005523 | ||
| 020 | 0 | 0 | |a T000004706 |
| 090 | 0 | 0 | |a IRLD 380.1 |b HEL |
| 245 | 0 | 0 | |a Helping develop your markets : |b in Ireland and worldwide. |
| 260 | 0 | 0 | |a Dublin: |b Irish Trade Board, |c [199-]. |
| 300 | 0 | 0 | |a 14 p.. |
| 650 | 0 | 0 | |a Market surveys |
| 651 | 0 | 0 | |a Ireland |
| 710 | 0 | 0 | |a Irish Trade Board |
| 999 | |a 0000005333 |b Book |c Open shelf |e Business Information Centre | ||